000 00376nam a2200145Ia 4500
008 240624s9999 xx 000 0 und d
041 _aeng
082 _a332.6 GIV
100 _aGIVEN KERRY W
245 _aNO HYPE OPTIONS TRADING MYTHS REALITIES
250 _a11
260 _c2011
_aNew Jersey
_bJohn Wiley and Sons
300 _axv, : 198 : p. : cm. ; 23
365 _c
_b27
999 _c17665
_d17665